| 000 -CABECERA |
| Longitud fija campo de control |
00510nam a2200157 a 4500 |
| 001 - NÚMERO DE CONTROL |
| Número de control |
3822 |
| 003 - IDENTIFICADOR DEL NÚMERO DE CONTROL |
| Identificador del número de control |
CDMR |
| 005 - FECHA Y HORA DE LA ÚLTIMA TRANSACCIÓN |
| Fecha y hora de la última transacción |
20130426104801.0 |
| 008 - CÓDIGOS DE INFORMACIÓN DE LONGITUD FIJA |
| Códigos de información de longitud fija |
130130s1996||||||||||||||||||||||||||||d |
| 020 ## - NÚMERO INTERNACIONAL NORMALIZADO PARA LIBROS |
| Número Internacional Normalizado para Libros (ISBN) |
8460502104 |
| 040 ## - FUENTE DE LA CATALOGACIÓN |
| Centro catalogador de origen |
CDMR |
| Lengua de catalogación |
cat |
| Centro transcriptor |
CDMR |
| 110 2# - PUNTO DE ACCESO PRINCIPAL-NOMBRE DE ENTIDAD CORPORATIVA |
| 9 (RLIN) |
2702 |
| Nombre de entidad corporativa o nombre de jurisdicción como elemento inicial |
Asociación de Periodistas de Información Económica |
| 245 10 - MENCIÓN DE TÍTULO |
| Título |
Ética en la información |
| Resto del título |
: códigos de Conducta y Estatutos Profesionales (II) |
| 260 ## - PUBLICACIÓN, DISTRIBUCIÓN, ETC. (PIE DE IMPRENTA) |
| Lugar de publicación, distribución, etc. |
Madrid |
| Fecha de publicación, distribución, etc. |
1996 |
| Nombre del editor, distribuidor, etc. |
Asociación de Periodistas de Información Económica |
| 942 ## - ENTRADA DE ELEMENTOS AGREGADOS (KOHA) |
| Koha [por defecto] tipo de item |
Monografies |
| Fuente de clasificaión o esquema |
|